[Event "24th Abu Dhabi Masters"]
[Site "Abu Dhabi UAE"]
[Date "2017.08.20"]
[Round "7.47"]
[White "Mrudul, Dehankar"]
[Black "Fernandez Borrego, Pablo"]
[Result "0-1"]
[WhiteTitle "WCM"]
[BlackTitle "FM"]
[WhiteElo "2155"]
[BlackElo "2427"]
[WhiteFideId "25096990"]
[BlackFideId "2258285"]
[EventDate "2017.08.14"]

1. e4 c5 2. Nf3 d6 3. d4 cxd4 4. Nxd4 Nf6 5. Nc3 g6 6. Be3 Bg7 7. f3 Nc6 8. Bc4
O-O 9. Qd2 Na5 10. Bb3 Nxb3 11. cxb3 Bd7 12. O-O-O Qa5 13. Kb1 Rfc8 14. h4 h5
15. Bg5 Rc5 16. Nc2 Qd8 17. b4 Rc6 18. e5 Ne8 19. Nd5 f6 20. exf6 exf6 21. Be3
Bf5 22. Nc3 Rac8 23. Bd4 Nc7 24. g4 hxg4 25. fxg4 Bxg4 26. Rdf1 Ne6 27. Ne3 Bh5
28. Nc2 Kh7 29. Rhg1 Rc4 30. Re1 Qd7 31. Qe3 Nxd4 32. Nxd4 d5 33. Nce2 Re8 34.
Qd3 Qe7 35. Qd2 Qe4+ 36. Ka1 Bh6 37. Nf4 Qxd4 0-1

[Event "24th Abu Dhabi Masters"]
[Site "Abu Dhabi UAE"]
[Date "2017.08.20"]
[Round "7.48"]
[White "Raetsky, Alexander"]
[Black "Hakobyan, Eduard"]
[Result "1-0"]
[WhiteTitle "GM"]
[WhiteElo "2381"]
[BlackElo "2164"]
[WhiteFideId "4103203"]
[BlackFideId "13310860"]
[EventDate "2017.08.14"]

1. d4 d5 2. c4 c6 3. Nf3 Nf6 4. Qc2 dxc4 5. Qxc4 Bf5 6. g3 e6 7. Bg2 h6 8. O-O
Be7 9. Nc3 O-O 10. Ne5 Bh7 11. Rd1 Nbd7 12. Nxd7 Qxd7 13. e4 b5 14. Qe2 b4 15.
Na4 Rad8 16. Bf4 g5 17. Be5 Ne8 18. Nc5 Qc8 19. Bh3 Ng7 20. Qc4 Bg6 21. Rac1 Kh7
22. g4 f6 23. Bg3 Bxc5 24. dxc5 e5 25. Rd6 Rxd6 26. cxd6 Rd8 27. Qxc6 Qxc6 28.
Rxc6 Bxe4 29. Ra6 Bf3 30. Bg2 Bxg4 31. Be4+ Bf5 32. f3 Bxe4 33. fxe4 Rd7 34. Bf2
Kg6 35. Bxa7 f5 36. exf5+ Nxf5 37. Bc5 Kf6 38. Bxb4 Ke6 39. a4 h5 40. a5 Rb7 41.
Ba3 Kd7 42. Ra8 Nxd6 43. a6 Rc7 44. Rh8 Nc8 45. Rxh5 Ra7 46. Rh6 Rc7 47. Kf2 Na7
48. Ke3 Nc6 49. Rh7+ Kc8 50. Rxc7+ Kxc7 51. Bc5 Na5 52. b4 Nc4+ 53. Ke4 Nd2+ 54.
Kxe5 Nf3+ 55. Kd5 Nh4 56. b5 Ng6 57. b6+ Kb8 58. Bd6+ 1-0

[Event "24th Abu Dhabi Masters"]
[Site "Abu Dhabi UAE"]
[Date "2017.08.20"]
[Round "7.50"]
[White "Ashwath, R."]
[Black "Arshavskij, Viktor"]
[Result "1-0"]
[WhiteElo "2290"]
[BlackElo "2141"]
[WhiteFideId "5021049"]
[BlackFideId "4125045"]
[EventDate "2017.08.14"]

1. d4 Nf6 2. c4 c5 3. Nf3 cxd4 4. Nxd4 e5 5. Nb5 d5 6. cxd5 Bc5 7. N5c3 O-O 8.
g3 Bf5 9. Bg2 e4 10. O-O Nbd7 11. Nd2 Re8 12. Nb3 Bf8 13. Qd4 h6 14. Be3 Nb6 15.
Rad1 Rc8 16. d6 Rc4 17. Qd2 Rc6 18. Bxb6 Rxb6 19. Qf4 g6 20. d7 Ree6 21. Nd4 e3
22. Nxe6 Rxe6 23. fxe3 Bc5 24. Kh1 Bxe3 25. Qc4 Nxd7 26. Rxf5 gxf5 27. Qd3 Qb6
28. Qxd7 Qxb2 29. Qd3 f4 30. Nd5 Qxa2 31. Nxf4 Bxf4 32. Bd5 Qxe2 33. Bxe6 Qxe6
34. gxf4 a5 35. Rg1+ 1-0

[Event "24th Abu Dhabi Masters"]
[Site "Abu Dhabi UAE"]
[Date "2017.08.20"]
[Round "7.51"]
[White "Saim, Mohamed Ilias"]
[Black "Eynullayev, Altay"]
[Result "1/2-1/2"]
[WhiteTitle "FM"]
[BlackTitle "FM"]
[WhiteElo "2102"]
[BlackElo "2255"]
[WhiteFideId "7900465"]
[BlackFideId "13413562"]
[EventDate "2017.08.14"]

1. e4 c5 2. Nf3 d6 3. Nc3 Nf6 4. d4 cxd4 5. Nxd4 a6 6. Bg5 Nbd7 7. f4 Qc7 8. Qf3
h6 9. Bh4 g5 10. fxg5 hxg5 11. Bf2 Ne5 12. Qe2 Bg4 13. Nf3 b5 14. O-O-O Rc8 15.
a3 Nc4 16. Qd3 Nxa3 17. bxa3 Qxc3 18. Bd4 Qxd3 19. Bxd3 e5 20. Be3 d5 21. exd5
Bxa3+ 22. Kb1 e4 23. Bd4 exd3 24. Rxd3 Be7 25. d6 Bd8 26. Nxg5 Rg8 27. Re1+ Kd7
28. Nxf7 Bf5 29. Ne5+ Kxd6 30. Nf7+ Kd7 31. Ne5+ Kc7 32. Rf3 Be4 33. Rc3+ Kb7
34. Nf7 Rxc3 35. Bxc3 Be7 36. Bxf6 Bxc2+ 37. Kxc2 Rxg2+ 38. Kb3 Bxf6 39. Re6
Rb2+ 40. Ka3 b4+ 41. Ka4 Bc3 42. h4 Rh2 43. Rh6 a5 44. Nd6+ Kc6 45. Ne4+ Kd5 46.
Nxc3+ bxc3 47. Kb3 Rh3 48. Ra6 Kd4 49. Rd6+ Kc5 50. Rd8 a4+ 51. Kc2 a3 52. Rc8+
Kb5 53. Rb8+ Kc6 54. Ra8 Rxh4 1/2-1/2

[Event "24th Abu Dhabi Masters"]
[Site "Abu Dhabi UAE"]
[Date "2017.08.20"]
[Round "7.52"]
[White "Gurpreet, Singh Maras"]
[Black "Priyanka, Nutakki"]
[Result "1-0"]
[WhiteElo "2247"]
[BlackElo "2160"]
[WhiteFideId "5014433"]
[BlackFideId "25049615"]
[EventDate "2017.08.14"]

1. e4 e6 2. Nf3 d5 3. Nc3 dxe4 4. Nxe4 Nd7 5. d4 Ngf6 6. Nxf6+ Nxf6 7. Bd3 c5 8.
Be3 Qc7 9. Qe2 Bd7 10. Ne5 cxd4 11. Bxd4 Bc5 12. Bxc5 Qxc5 13. O-O-O a6 14. f4
Bb5 15. f5 Bxd3 16. Rxd3 O-O 17. fxe6 fxe6 18. Nd7 Qg5+ 19. Kb1 Rfe8 20. h4 Qh6
21. g4 Nxd7 22. Rxd7 b5 23. g5 Qg6 24. Qe5 Rac8 25. a3 Red8 26. Rxd8+ Rxd8 27.
Re1 Re8 28. Qd6 Qf5 29. Qxa6 Qf2 30. Re4 Qf3 31. Qxb5 Rc8 32. Rxe6 1-0

[Event "24th Abu Dhabi Masters"]
[Site "Abu Dhabi UAE"]
[Date "2017.08.20"]
[Round "7.53"]
[White "Dileep, Kumar R"]
[Black "Harshal, Shahi"]
[Result "1/2-1/2"]
[BlackTitle "FM"]
[WhiteElo "2234"]
[BlackElo "2130"]
[WhiteFideId "25014927"]
[BlackFideId "5048257"]
[EventDate "2017.08.14"]

1. e4 c5 2. Nf3 Nc6 3. d4 cxd4 4. Nxd4 e6 5. Nc3 Qc7 6. Be3 a6 7. Bd3 Nf6 8. O-O
Bb4 9. h3 Nxd4 10. Bxd4 e5 11. Be3 Bxc3 12. bxc3 Qxc3 13. Qf3 O-O 14. a4 b6 15.
Bxb6 Bb7 16. a5 Rac8 17. Qf5 h6 18. Rae1 Rce8 19. Re3 Qc6 20. Qf3 d6 21. Rb1 Nd7
22. Qe2 Ra8 23. Bc4 Nf6 24. f3 Rfc8 25. Bb3 d5 26. exd5 Nxd5 27. Rxe5 Nc3 28.
Qe1 Nxb1 29. Re7 Na3 30. Rxf7 Kh8 31. Qa1 Rg8 32. Qxa3 Bc8 33. Rc7 Qg6 34. Kh2
Rd8 35. c3 Bxh3 36. Kxh3 Qh5+ 37. Kg3 Qg5+ 38. Kh3 Qh5+ 39. Kg3 Qg5+ 40. Kh3 Rd2
41. Qe7 Qxg2+ 42. Kh4 1/2-1/2

[Event "24th Abu Dhabi Masters"]
[Site "Abu Dhabi UAE"]
[Date "2017.08.20"]
[Round "7.54"]
[White "Al Hosani, Omran"]
[Black "Abhilash, Reddy M.L."]
[Result "0-1"]
[WhiteTitle "CM"]
[WhiteElo "2012"]
[BlackElo "2188"]
[WhiteFideId "9308733"]
[BlackFideId "5024668"]
[EventDate "2017.08.14"]

1. d4 Nf6 2. Nf3 e6 3. g3 c5 4. Bg2 Nc6 5. O-O d5 6. c4 dxc4 7. Qa4 Bd7 8. Qxc4
Qb6 9. dxc5 Bxc5 10. Nc3 Be7 11. Be3 Qb4 12. Qd3 Rd8 13. a3 Qd6 14. Qc2 O-O 15.
Ng5 Qb8 16. Bf4 e5 17. Nd5 g6 18. Nxe7+ Nxe7 19. Bd2 Nc6 20. Nf3 Bf5 21. Qc1 Rc8
22. Bc3 Nd4 23. Qd1 Nc6 24. Qa4 Ne4 25. Be1 b5 26. Qb3 Qb6 27. a4 b4 28. a5 Qc5
29. Nh4 Be6 30. Qd1 Rfd8 31. Qc1 Qxc1 32. Rxc1 Bd5 33. f3 Nd6 34. f4 e4 35. Bf2
f5 36. Rfd1 Bb3 37. Rf1 Nc4 38. g4 e3 39. Be1 Nd4 40. Bf3 Nd2 41. Rxc8 Rxc8 42.
gxf5 gxf5 43. Bh5 Rc1 44. Bxd2 exd2 45. e3 Bc4 46. exd4 Rxf1+ 47. Kg2 Rxf4 0-1

[Event "24th Abu Dhabi Masters"]
[Site "Abu Dhabi UAE"]
[Date "2017.08.20"]
[Round "7.55"]
[White "Srija, Seshadri"]
[Black "Michelle Catherina, P"]
[Result "1-0"]
[WhiteTitle "WFM"]
[BlackTitle "WIM"]
[WhiteElo "2167"]
[BlackElo "2101"]
[WhiteFideId "5055903"]
[BlackFideId "5005736"]
[EventDate "2017.08.14"]

1. e4 c6 2. d4 d5 3. e5 Bf5 4. Nf3 e6 5. Be2 c5 6. c3 Nc6 7. O-O Bg6 8. dxc5
Bxc5 9. Bf4 Nge7 10. Nbd2 O-O 11. Nb3 Bb6 12. Nbd4 Nxd4 13. Nxd4 Bxd4 14. Qxd4
Nc6 15. Qd2 Qc7 16. Bg4 Na5 17. b3 Rfc8 18. Rac1 b5 19. h4 h6 20. h5 Be4 21.
Rfe1 Kh8 22. Bxh6 f5 23. exf6 gxh6 24. Bxe6 Re8 25. Bxd5 Bxd5 26. Qxd5 Rxe1+ 27.
Rxe1 Rf8 28. Re7 Qd8 29. Qf5 Qd1+ 30. Kh2 Qd6+ 31. g3 1-0

[Event "24th Abu Dhabi Masters"]
[Site "Abu Dhabi UAE"]
[Date "2017.08.20"]
[Round "7.56"]
[White "Patil, Pratik"]
[Black "Kavinda, Akila"]
[Result "1-0"]
[WhiteElo "2246"]
[BlackElo "2124"]
[WhiteFideId "5038758"]
[BlackFideId "9901302"]
[EventDate "2017.08.14"]

1. e4 c5 2. c3 Nf6 3. e5 Nd5 4. d4 cxd4 5. Nf3 Nc6 6. cxd4 d6 7. Bc4 e6 8. O-O
Be7 9. Qe2 O-O 10. Re1 Qb6 11. Qe4 dxe5 12. dxe5 Bc5 13. Re2 Nd4 14. Nxd4 Bxd4
15. Na3 Bd7 16. Bb3 Bc6 17. Nc4 Qc5 18. Rd2 Rad8 19. Qxd4 1-0

[Event "24th Abu Dhabi Masters"]
[Site "Abu Dhabi UAE"]
[Date "2017.08.20"]
[Round "7.57"]
[White "Bhagwat, Vinod"]
[Black "Nandhidhaa, PV"]
[Result "0-1"]
[WhiteTitle "CM"]
[BlackTitle "WIM"]
[WhiteElo "2109"]
[BlackElo "2182"]
[WhiteFideId "5005949"]
[BlackFideId "5050847"]
[EventDate "2017.08.14"]

1. d4 d5 2. Bf4 Nf6 3. e3 c5 4. c3 Nc6 5. Nd2 e6 6. Ngf3 Be7 7. Bd3 O-O 8. Ne5
Qb6 9. Rb1 Bd7 10. Qf3 Rfd8 11. h4 Be8 12. h5 Nxe5 13. Bxe5 Nd7 14. Qg3 Nxe5 15.
dxe5 Bb5 16. Bxb5 Qxb5 17. Qg4 d4 18. Qe2 Qa5 19. O-O dxc3 20. Nc4 Qxa2 21. Ra1
Qb3 22. Ra3 Qb5 23. bxc3 Qc6 24. Rfa1 a6 25. Nd2 c4 26. Ra4 b5 27. R4a2 Rd3 28.
Qf3 Qxf3 29. Nxf3 Rxc3 30. Rxa6 Rxa6 31. Rxa6 b4 32. Ra8+ Bf8 33. Nd4 b3 34. Nc6
h6 35. Ne7+ Kh7 36. Rxf8 b2 0-1

[Event "24th Abu Dhabi Masters"]
[Site "Abu Dhabi UAE"]
[Date "2017.08.20"]
[Round "7.58"]
[White "Armstrong, Malcolm J"]
[Black "Pratyusha, Bodda"]
[Result "1/2-1/2"]
[BlackTitle "WIM"]
[WhiteElo "2109"]
[BlackElo "2171"]
[WhiteFideId "409049"]
[BlackFideId "5000629"]
[EventDate "2017.08.14"]

1. d4 Nf6 2. Nf3 e6 3. g3 d5 4. Bg2 Bb4+ 5. Bd2 Bd6 6. c4 O-O 7. O-O Ne4 8. Nc3
c6 9. Qc2 f5 10. Bf4 Qe7 11. Bxd6 Qxd6 12. Rad1 Nd7 13. e3 b6 14. Nxe4 dxe4 15.
Nd2 e5 16. Qc3 exd4 17. exd4 Qh6 18. Qe3 Qh5 19. f3 Nf6 20. Bh1 Ba6 21. b3 Rad8
22. Rfe1 Bc8 23. Nf1 Rfe8 24. h4 h6 25. Nh2 Qg6 26. f4 Rd6 27. Rd2 Red8 28. Red1
Bb7 29. Kf2 h5 30. Bg2 Ne8 31. Nf1 Qf6 32. Bh3 g6 33. c5 R6d7 34. Qc3 Nc7 35.
Ne3 Kg7 36. cxb6 axb6 37. Bf1 c5 38. Nc2 Ne6 39. Ke3 Nc7 40. Kf2 Kh7 41. a4 Nd5
42. Qa1 e3+ 43. Nxe3 Nxe3 44. Kxe3 Qe6+ 45. Kf2 Qxb3 46. Rd3 Qd5 47. Qc3 Qh1 48.
d5 Bxd5 49. Qe5 Qe4 50. Qxe4 fxe4 51. R3d2 Be6 52. Rxd7+ Rxd7 53. Rb1 Rd6 54.
Ke3 Kg7 55. Kxe4 Bf5+ 56. Ke5 Re6+ 57. Kd5 Bxb1 58. Kxe6 Bc2 59. Bb5 Bb3+ 60.
Ke5 Kf7 61. Bc6 Ke7 62. Bb5 Ba2 63. Bc6 Be6 64. Be4 Bf7 65. Bc2 Be8 66. Bb3 Bf7
67. Bc2 c4 68. Kd4 Kd6 69. Bd1 Kc6 70. Bf3+ Kd6 71. Be2 Be8 72. Bd1 Bf7 73. Be2
Be8 74. Bd1 1/2-1/2

[Event "24th Abu Dhabi Masters"]
[Site "Abu Dhabi UAE"]
[Date "2017.08.20"]
[Round "7.59"]
[White "Llano Olabarrieta, Joseba"]
[Black "Chitlange, Sakshi"]
[Result "0-1"]
[BlackTitle "WIM"]
[WhiteElo "2135"]
[BlackElo "2073"]
[WhiteFideId "32018240"]
[BlackFideId "35002899"]
[EventDate "2017.08.14"]

1. e4 c6 2. Nc3 d5 3. Nf3 dxe4 4. Nxe4 Nd7 5. Qe2 e6 6. g3 Ngf6 7. Bg2 Be7 8.
O-O O-O 9. Nxf6+ Bxf6 10. d4 Re8 11. Rd1 Qe7 12. Ne5 Nb6 13. Ng4 Bd7 14. Nxf6+
Qxf6 15. Bf4 Nd5 16. Be5 Qd8 17. c4 Ne7 18. h4 f6 19. Bd6 Nf5 20. Bf4 Re7 21.
Qd2 Kh8 22. Qc3 Be8 23. Rd2 Bg6 24. Bf3 Qe8 25. Re1 Rd8 26. Kh2 h6 27. h5 Bf7
28. g4 Nd6 29. Bg3 Bg8 30. Rde2 Qd7 31. Rd2 Bh7 32. b3 Nf7 33. Bf4 Qe8 34. Red1
Red7 35. Kg2 a6 36. a4 e5 37. dxe5 Rxd2 38. Rxd2 Rxd2 39. Qxd2 fxe5 40. Qe3 Bc2
41. Bg3 e4 42. Be2 Qd7 43. f3 exf3+ 44. Bxf3 Ng5 45. Be2 Qe6 46. Qd2 Qe4+ 47.
Kh2 Ne6 48. Bd1 Bxd1 49. Qxd1 Nd4 50. Bf2 Ne2 51. Bg3 Qf3 52. Qd8+ Kh7 53. Qd6
Qe3 54. Qg6+ Kh8 55. Qd6 Qg1+ 56. Kh3 Qh1+ 57. Bh2 Ng1+ 58. Kh4 Nf3+ 59. Kh3
Ng5+ 60. Kh4 Qf3 61. Qg3 Qf1 62. Qb8+ Kh7 63. Kg3 Qf3+ 0-1

[Event "24th Abu Dhabi Masters"]
[Site "Abu Dhabi UAE"]
[Date "2017.08.20"]
[Round "7.60"]
[White "Varshini, V"]
[Black "Priyanka, K"]
[Result "0-1"]
[WhiteTitle "WFM"]
[WhiteElo "2140"]
[BlackElo "2106"]
[WhiteFideId "5091241"]
[BlackFideId "5082986"]
[EventDate "2017.08.14"]

1. e4 c5 2. Nc3 a6 3. Nge2 b5 4. d4 cxd4 5. Nxd4 d6 6. a4 bxa4 7. Rxa4 Nf6 8.
Bc4 e6 9. O-O Be7 10. Qe2 O-O 11. Rd1 Qc7 12. Nb3 Nfd7 13. Bd3 Ne5 14. f4 Nxd3
15. Rxd3 Nd7 16. Rh3 g6 17. Be3 Bb7 18. Rc4 Qd8 19. Nd4 Rc8 20. Rxc8 Qxc8 21.
Nf3 Re8 22. Ng5 Bxg5 23. fxg5 e5 24. Qf2 Nf8 25. Nd5 Bxd5 26. exd5 Qc4 27. Qd2
Rc8 28. c3 Rb8 29. Bf2 Qb3 30. Re3 Qxb2 31. Qxb2 Rxb2 32. h3 Rc2 33. c4 Rxc4 34.
Ra3 Rc1+ 35. Kh2 Rd1 36. Ra5 Nd7 37. Kg3 Rd3+ 38. Kh2 Kf8 39. Bg1 Ke7 40. h4 Rb3
41. Rxa6 Rb5 42. Ra8 Rxd5 43. Rh8 Nf8 44. g4 Rd2+ 45. Kg3 Rd3+ 46. Kh2 e4 47.
Ba7 Ne6 48. Rxh7 Nf4 49. Kg1 Rg3+ 50. Kf2 Rxg4 51. Bd4 Nh5 52. Rh8 Rxh4 53. Bf6+
Ke6 54. Bd8 Rh2+ 55. Ke3 Rh3+ 56. Kd4 Kf5 57. Rf8 Rd3+ 58. Kc4 d5+ 59. Kc5 Nf4
60. Rxf7+ Kg4 61. Be7 e3 62. Bf6 Ne6+ 63. Kd6 e2 0-1

[Event "24th Abu Dhabi Masters"]
[Site "Abu Dhabi UAE"]
[Date "2017.08.20"]
[Round "7.61"]
[White "Alothman, Abdul Wahab"]
[Black "Al-Zaabi, Sultan"]
[Result "1/2-1/2"]
[WhiteTitle "CM"]
[BlackTitle "CM"]
[WhiteElo "2047"]
[BlackElo "1747"]
[WhiteFideId "10300015"]
[BlackFideId "9307583"]
[EventDate "2017.08.14"]

1. d4 d5 2. Nf3 Nf6 3. c4 c6 4. Nc3 g6 5. cxd5 cxd5 6. Bf4 Bg7 7. e3 O-O 8. Bd3
Nc6 9. h3 b6 10. a3 Bb7 11. O-O Rc8 12. Rc1 Na5 13. Nd2 Qd7 14. Qe2 Rfd8 15. f3
Nh5 16. Bh2 e6 17. Nb5 Bc6 18. Nd6 Ra8 19. b4 Bf8 20. Nxf7 Kxf7 21. bxa5 Bxa3
22. Ra1 Bd6 1/2-1/2

[Event "24th Abu Dhabi Masters"]
[Site "Abu Dhabi UAE"]
[Date "2017.08.21"]
[Round "8.1"]
[White "Amin, Bassem"]
[Black "Salem, A.R. Saleh"]
[Result "1-0"]
[WhiteTitle "GM"]
[BlackTitle "GM"]
[WhiteElo "2680"]
[BlackElo "2624"]
[WhiteFideId "10601457"]
[BlackFideId "9301348"]
[EventDate "2017.08.14"]

1. e4 e5 2. Nf3 Nc6 3. Bc4 Bc5 4. O-O Nf6 5. d3 d6 6. c3 a6 7. Bb3 Ba7 8. Re1
O-O 9. h3 h6 10. Nbd2 Re8 11. Nf1 Be6 12. Bc2 d5 13. exd5 Bxd5 14. Ng3 Qd6 15.
Nh4 Rad8 16. Nhf5 Qd7 17. Qd2 Re6 18. c4 Bxc4 19. Nxg7 Ng4 20. Nxe6 Bxf2+ 21.
Kh1 Bxg3 22. Nxd8 Bd5 23. Nxc6 Qxc6 24. Rf1 Nh2 25. Rf5 1-0

[Event "24th Abu Dhabi Masters"]
[Site "Abu Dhabi UAE"]
[Date "2017.08.21"]
[Round "8.2"]
[White "Adly, Ahmed"]
[Black "Short, Nigel D"]
[Result "0-1"]
[WhiteTitle "GM"]
[BlackTitle "GM"]
[WhiteElo "2619"]
[BlackElo "2688"]
[WhiteFideId "10601619"]
[BlackFideId "400025"]
[EventDate "2017.08.14"]

1. d4 d5 2. Nf3 Nf6 3. g3 Bf5 4. Bg2 c6 5. O-O e6 6. c4 Nbd7 7. Nc3 h6 8. Nd2
Be7 9. e4 dxe4 10. Ndxe4 O-O 11. Qe2 Nxe4 12. Nxe4 Nf6 13. Rd1 Re8 14. Bf4 Nxe4
15. Bxe4 Bf6 16. Rd2 Qa5 17. Bxf5 exf5 18. Qd3 Rad8 19. d5 Re4 20. Be3 b5 21. b4
Qxb4 22. Rb1 Qa5 23. d6 bxc4 24. Qc2 c3 25. Rdd1 Rd7 26. Rb8+ Kh7 27. Rc8 Ra4
28. Rc7 Rxa2 29. Qxa2 Qxa2 30. Rxd7 c2 31. Rf1 Qe6 32. Rxa7 Qxd6 33. Ra5 Bd4 34.
Bf4 Qe6 35. Ra3 Qe2 36. Bc1 g5 37. Kg2 c5 38. h4 gxh4 39. gxh4 f4 40. Rf3 Be3
41. Bxe3 fxe3 42. Ra1 Qc4 43. Rc1 Qg4+ 44. Rg3 Qd1 0-1

[Event "24th Abu Dhabi Masters"]
[Site "Abu Dhabi UAE"]
[Date "2017.08.21"]
[Round "8.3"]
[White "Mamedov, Rauf"]
[Black "Pantsulaia, Levan"]
[Result "1-0"]
[WhiteTitle "GM"]
[BlackTitle "GM"]
[WhiteElo "2680"]
[BlackElo "2585"]
[WhiteFideId "13401653"]
[BlackFideId "13602071"]
[EventDate "2017.08.14"]

1. e4 c6 2. d4 d5 3. e5 Bf5 4. Nf3 e6 5. Be2 Nd7 6. O-O Bb4 7. Nbd2 Ba5 8. c3 h6
9. Re1 Ne7 10. Nf1 O-O 11. Ng3 Bh7 12. Qd2 Qe8 13. b3 f6 14. exf6 Rxf6 15. Ba3
Bc7 16. c4 a5 17. Ne5 Nxe5 18. dxe5 Bxe5 19. Bh5 Bf4 20. Qxf4 Rxf4 21. Bxe8 Rxe8
22. Rxe6 dxc4 23. Rxe7 Rxe7 24. Bxe7 c3 25. Bc5 b5 26. a3 a4 27. b4 c2 28. f3
Rc4 29. Ne2 Bd3 30. Nc1 Bf5 31. Kf2 Kf7 32. Ke3 Ke6 33. Ne2 Kd5 34. g4 Bh7 35.
Kd2 g5 36. Re1 Ke6 37. h3 Kf6 38. Nd4 h5 39. Nxc6 1-0

[Event "24th Abu Dhabi Masters"]
[Site "Abu Dhabi UAE"]
[Date "2017.08.21"]
[Round "8.5"]
[White "Aryan, Chopra"]
[Black "Parligras, Mircea-Emilian"]
[Result "1/2-1/2"]
[WhiteTitle "GM"]
[BlackTitle "GM"]
[WhiteElo "2507"]
[BlackElo "2616"]
[WhiteFideId "5084423"]
[BlackFideId "1204297"]
[EventDate "2017.08.14"]

1. e4 e5 2. Nf3 Nc6 3. Bc4 Nf6 4. Ng5 d5 5. exd5 Na5 6. Bb5+ c6 7. dxc6 bxc6 8.
Bd3 Nd5 9. Nf3 Bd6 10. O-O Nf4 11. Re1 Nxd3 12. cxd3 O-O 13. Nc3 c5 14. Ne4 Re8
15. b3 Bf8 16. Ba3 Nc6 17. Rc1 Nb4 18. Bxb4 cxb4 19. Nc5 Qd5 20. d4 Bg4 21. h3
Bxf3 22. Qxf3 Qxf3 23. gxf3 exd4 24. Rxe8 Rxe8 25. Nd3 g6 26. Kf1 Re6 27. Rc4
Ra6 28. Nxb4 Bxb4 29. Rxb4 Rxa2 30. Rxd4 a5 31. Ke2 Rb2 1/2-1/2

[Event "24th Abu Dhabi Masters"]
[Site "Abu Dhabi UAE"]
[Date "2017.08.21"]
[Round "8.6"]
[White "Puranik, Abhimanyu"]
[Black "Paichadze, Luka"]
[Result "1/2-1/2"]
[WhiteTitle "IM"]
[BlackTitle "GM"]
[WhiteElo "2495"]
[BlackElo "2581"]
[WhiteFideId "5061245"]
[BlackFideId "13602934"]
[EventDate "2017.08.14"]

1. e4 c6 2. Nf3 d5 3. Nc3 Nf6 4. e5 Ne4 5. Ne2 Qb6 6. d4 e6 7. Nfg1 f6 8. f3 Ng5
9. exf6 gxf6 10. f4 Nf7 11. Nf3 e5 12. fxe5 fxe5 13. Ng3 Be6 14. Be2 Nd7 15. O-O
O-O-O 16. Be3 Be7 17. Qc1 c5 18. c3 Kb8 19. dxe5 h5 20. Qc2 Ndxe5 21. Nf5 Bxf5
22. Qxf5 Bd6 23. Bf4 Rhf8 24. Nh4 Qxb2 25. Bxh5 Qxc3 26. Rab1 Qd4+ 27. Kh1 Nd3
28. Ng6 Bxf4 29. Nxf8 Nd6 30. Nd7+ Kc8 31. Nb6+ Kb8 32. Nd7+ Kc8 33. Nb6+ Kb8
34. Nd7+ Kc8 35. Nb6+ Kb8 36. Nd7+ Kc8 37. Nb6+ Kb8 38. Nd7+ Kc8 39. Nb6+ 1/2-1/2

[Event "24th Abu Dhabi Masters"]
[Site "Abu Dhabi UAE"]
[Date "2017.08.21"]
[Round "8.7"]
[White "Abdusattorov, Nodirbek"]
[Black "Stupak, Kirill"]
[Result "1/2-1/2"]
[WhiteTitle "IM"]
[BlackTitle "GM"]
[WhiteElo "2470"]
[BlackElo "2573"]
[WhiteFideId "14204118"]
[BlackFideId "13503758"]
[EventDate "2017.08.14"]

1. e4 c6 2. d4 d5 3. Nc3 dxe4 4. Nxe4 Nd7 5. Bc4 Ngf6 6. Nxf6+ Nxf6 7. c3 g6 8.
Nf3 Bg7 9. O-O O-O 10. h3 Qc7 11. Qe2 b5 12. Bd3 Bb7 13. a4 a6 14. Bg5 Nd5 15.
Be4 Rfe8 16. Rfe1 Rad8 17. Bh4 Nb6 18. axb5 cxb5 19. Nd2 Na4 20. Bxb7 Qxb7 21.
Ne4 Qd5 22. Ra3 Rc8 23. Qd2 f5 24. b3 fxe4 25. bxa4 e5 26. axb5 axb5 27. Rb1
exd4 28. cxd4 Bxd4 29. Bf6 Rc4 30. Re3 Rf8 31. Bxd4 Rxd4 32. Qa5 Rf5 33. Rc3
Rd1+ 34. Rxd1 Qxd1+ 35. Kh2 Qd5 36. Kg1 Rf7 37. Rc8+ Rf8 38. Rc7 Qd1+ 39. Kh2
Qd6+ 40. Kg1 Qf6 41. Qa2+ Kh8 42. Rb7 Qe5 43. Qa7 h5 1/2-1/2

[Event "24th Abu Dhabi Masters"]
[Site "Abu Dhabi UAE"]
[Date "2017.08.21"]
[Round "8.8"]
[White "Vignesh, N R"]
[Black "Batchuluun, Tsegmed"]
[Result "1/2-1/2"]
[WhiteTitle "IM"]
[BlackTitle "GM"]
[WhiteElo "2448"]
[BlackElo "2555"]
[WhiteFideId "25012215"]
[BlackFideId "4900847"]
[EventDate "2017.08.14"]

1. e4 e5 2. Nf3 Nc6 3. Nc3 Nf6 4. d4 exd4 5. Nxd4 Bb4 6. Nxc6 bxc6 7. Bd3 d5 8.
exd5 cxd5 9. O-O O-O 10. Bg5 c6 11. Qf3 Re8 12. h3 Bd6 13. Rfe1 Be6 14. Ne2 Be5
15. c3 h6 16. Bf4 Bd7 17. Nd4 Bxf4 18. Qxf4 c5 19. Rxe8+ Qxe8 20. Nf3 Qb8 21.
Qxb8+ Rxb8 22. b3 a5 23. Nd2 Kf8 24. Re1 a4 25. Kf1 axb3 26. axb3 Ra8 27. Bb1
Bb5+ 28. Kg1 Ra3 29. c4 dxc4 30. bxc4 Ba6 31. Re5 Ra5 32. Nb3 Ra3 33. Nd2 Ra5
34. Nb3 Nd7 35. Re3 Ra4 36. Bf5 Nf6 37. Nxc5 Ra1+ 38. Kh2 Bxc4 39. Nd7+ Nxd7 40.
Bxd7 g5 41. Kg3 Bd5 42. Rc3 Rd1 43. Rc5 Rd2 44. Rc8+ Ke7 45. Bg4 Be4 46. Rc7+
Kf8 47. f3 Bg6 48. Rc5 h5 49. Bf5 h4+ 1/2-1/2

[Event "24th Abu Dhabi Masters"]
[Site "Abu Dhabi UAE"]
[Date "2017.08.21"]
[Round "8.9"]
[White "Korobov, Anton"]
[Black "Bernadskiy, Vitaliy"]
[Result "1-0"]
[WhiteTitle "GM"]
[BlackTitle "GM"]
[WhiteElo "2668"]
[BlackElo "2562"]
[WhiteFideId "14105730"]
[BlackFideId "14100371"]
[EventDate "2017.08.14"]

1. d4 Nf6 2. c4 g6 3. Nc3 d5 4. Nf3 Bg7 5. cxd5 Nxd5 6. Na4 O-O 7. e4 Nb6 8. Be3
Nxa4 9. Qxa4 c5 10. Rd1 Bd7 11. Qa3 Nc6 12. dxc5 a5 13. Bc4 Qc7 14. h3 Nb4 15.
Qb3 Bc6 16. a3 Na6 17. O-O e6 18. Qc2 a4 19. Rd6 b5 20. Be2 Rfc8 21. Rc1 e5 22.
b4 axb3 23. Qxb3 Qb7 24. Rcd1 Be8 25. Bc4 Qe7 26. Bd5 Ra7 27. Rc1 Bf8 28. Qb2
Bg7 29. h4 Nc7 30. Bb3 Rca8 31. Bg5 Qf8 32. Rc3 b4 33. axb4 Nb5 34. Rcd3 Nxd6
35. Rxd6 Rb8 36. Bd5 h6 37. Bf6 Qxd6 38. cxd6 Bxf6 39. h5 g5 40. Nd2 Ra6 41. Nc4
Ra4 42. Ne3 Bd7 43. Qc3 Rc8 44. Qb3 Ra1+ 45. Kh2 Rf8 46. b5 Ra5 47. Bc4 Kg7 48.
b6 Rb8 49. b7 Ra7 50. Bd5 Ra6 51. Qc4 1-0

[Event "24th Abu Dhabi Masters"]
[Site "Abu Dhabi UAE"]
[Date "2017.08.21"]
[Round "8.10"]
[White "Ghaem Maghami, Ehsan"]
[Black "Lupulescu, Constantin"]
[Result "1/2-1/2"]
[WhiteTitle "GM"]
[BlackTitle "GM"]
[WhiteElo "2540"]
[BlackElo "2637"]
[WhiteFideId "12500739"]
[BlackFideId "1207822"]
[EventDate "2017.08.14"]

1. e4 e6 2. Nf3 d5 3. exd5 exd5 4. d4 Nf6 5. Bg5 Be7 6. Bd3 O-O 7. O-O Be6 8.
Nbd2 h6 9. Bh4 Nh5 10. Bxe7 Qxe7 11. g3 Bg4 12. Re1 Qd6 13. c3 Nd7 14. Qa4 Bxf3
15. Nxf3 Nhf6 16. Re2 Rfe8 17. Rae1 Rxe2 18. Rxe2 c5 19. Bf5 c4 20. Ne5 Nf8 21.
Qb5 Rb8 22. Ng4 Nxg4 23. Bxg4 Ne6 24. Bf3 1/2-1/2